The Origins of Digital Computers : Selected Papers

Na minha lista:
Detalhes bibliográficos
Outros Autores: Randell, Brian (Editor)
Formato: Livro
Idioma:inglês
Publicado em: Berlín : Springer Verlag , 1975
Edição:2. vyd.
Tags: Adicionar Tag
Sem tags, seja o primeiro a adicionar uma tag!

MARC

LEADER 00000nam a22000003a 4500
001 stu265836
005 20190206105225.9
008 130424s--------gw------------------eng-d
020 |a 3-540-07114-8 
040 |a STU  |b slo 
041 0 |a eng 
044 |a gw 
100 1 |a Randell, Brian  |4 edt 
245 1 |a The Origins of Digital Computers :  |b Selected Papers 
250 |a 2. vyd. 
260 |a Berlín :  |b Springer Verlag ,  |c 1975 
300 |a 464 s 
996 |b 284IK06393  |c I*3S2066  |l II680  |s A  |a 24  |w stu265836_0001